| 000 | 01374cam a2200325 a 4500 | ||
|---|---|---|---|
| 001 | 15000872 | ||
| 003 | NUST-PNEC | ||
| 005 | 20170116180655.0 | ||
| 008 | 070910s2008 enka b 001 0 eng | ||
| 010 | _a 2007037219 | ||
| 020 | _a9780521865234 (hbk.) | ||
| 020 | _a0521865239 (hbk.) | ||
| 035 | _a(OCoLC)ocn173243737 | ||
| 035 | _a(OCoLC)173243737 | ||
| 040 |
_aDLC _cPNEC _dYDXCP _dBAKER _dBTCTA _dC#P _dDLC |
||
| 050 | 0 | 0 |
_aTK5103.2 _b.L546 2008 |
| 082 | 0 | 0 | _a621.384 LIX |
| 100 | 1 | _aLi, Xiang-Yang. | |
| 245 | 1 | 0 |
_aWireless ad hoc and sensor networks : _btheory and applications / _cXiangyang Li. |
| 260 |
_aCambridge ; _aNew York : _bCambridge University Press, _c2008. |
||
| 300 |
_axxx, 582 p. : _bill. ; _c26 cm. |
||
| 500 | _ahttp://www.amazon.com/Wireless-Hoc-Sensor-Networks-Applications/dp/0521865239/ref=sr_1_2?s=books&ie=UTF8&qid=1409382289&sr=1-2&keywords=9780521865234 | ||
| 504 | _aIncludes bibliographical references (p. [547]-578) and index. | ||
| 650 | 0 |
_aWireless communication systems. _xEL |
|
| 650 | 0 | _aSensor networks. | |
| 856 | 4 | 1 |
_3Table of contents only _uhttp://www.loc.gov/catdir/toc/ecip0727/2007037219.html |
| 906 |
_a7 _bcbc _corignew _d1 _eecip _f20 _gy-gencatlg |
||
| 942 |
_2ddc _cBK |
||
| 999 |
_c60377 _d60377 |
||